University Home | Library Home | Institutional Repository

My African Advernture/Virginia Colson Leidheiser. (Record no. 23729)

MARC details
000 -LEADER
fixed length control field 00319cam a2200121 4500
008 - FIXED-LENGTH DATA ELEMENTS--GENERAL INFORMATION
fixed length control field 140428n 000 0 eng u
035 ## - SYSTEM CONTROL NUMBER
System control number (Sirsi) a183268
050 ## - LIBRARY OF CONGRESS CALL NUMBER
Classification number COL. COL 2014.01
100 ## - MAIN ENTRY--PERSONAL NAME
Personal name Leidheiser,V.C.
245 ## - TITLE STATEMENT
Title My African Advernture/Virginia Colson Leidheiser.
260 ## - PUBLICATION, DISTRIBUTION, ETC.
Place of publication, distribution, etc. 2010
500 ## - GENERAL NOTE
General note manuscript

No items available.

© 2026 - The University of Zambia Library - Koha v25.11